Models and ultraproducts : an introduction /

Guardado en:
Autor Principal: Bell, J. L.
Otros Autores: Slomson, A. B.
Formato: Libro
Idioma:English
Publicado: Amsterdam : North-Holland, 1971.
Edición:2nd revised printing.
Materias:
Acceso en línea:Contenidos
Etiquetas: Agregar Etiqueta
Sin Etiquetas, Sea el primero en etiquetar este registro!
LEADER 00856cam a2200253 a 4500
001 MAT.inmabb004373
008 731002s1971####ne#######b####001#0#eng##
005 20130325144539.0
245 1 0 |a Models and ultraproducts :  |b an introduction /  |c by J. L. Bell and A. B. Slomson. 
250 |a 2nd revised printing. 
260 |a Amsterdam :  |b North-Holland,  |c 1971. 
300 |a ix, 322 p. ;  |c 23 cm. 
504 |a Incluye referencias bibliográficas (p. [309]-315) e índice. 
510 4 |a MR,  |c 42 #4381 
020 |a 0720420547 
100 1 |a Bell, J. L.  |q (John Lane) 
700 1 |a Slomson, A. B. 
650 0 |a Model theory. 
650 0 |a Ultraproducts. 
084 |a 03Cxx (03C20)  |2 msc2000 
010 |a  73173389  
040 |a DLC  |c DLC  |d DLC 
856 4 |u http://www.loc.gov/catdir/toc/fy0613/2006040315.html  |y Contenidos 
859 |h 03  |i B433  |p A-3878  |b BIB. MATEMATICA